Plus haut sommets des pays de l'Europe de l'ouest - Statistiques

Statistiques générales
  • Ce quiz a été pris 27 fois
  • Le résultat moyen est 7 sur 12
Réponses sur la Carte
Les réponses sont colorées sur une échelle allant du rouge au vert en fonction du pourcentage des utilisateurs qui les ont devinées à leur premier essai. Vous pouvez retrouver ces pourcentages ci-dessous.
 
Statistiques - réponses
Réponse % Correct
Ben Nevis (1345m)
76%
Mont Blanc (4809m)
71%
Signal de Botrange (694m)
71%
Mont Blanc (4809m)
67%
Mulhacén (3479m)
67%
Torre (1993m)
67%
Vaalserberg (322m)
62%
Pointe Dufour (4634m)
57%
Carrauntoohil (1038m)
52%
Zugspitze (2962m)
52%
Kneiff (560m)
43%
Grauspitz (2599m)
29%
Aucun quiz correspondant
Distribution des résultats
% des personnes avec chaque résultat
Percentile par nombre de réponses
Votre historique - résultats
Vous n’avez pas pris ce quiz